| 000 | 00613nam a22001817a 4500 | ||
|---|---|---|---|
| 999 |
_c141784 _d141784 |
||
| 005 | 20230710151029.0 | ||
| 010 | _aENG-118767 ENG-137338 | ||
| 020 |
_a9789384002565 _c300.00 |
||
| 035 | _aEN-102299 EN-120870 | ||
| 037 | _bDBAD/PUB | ||
| 082 | _a409.2 | ||
| 245 |
_aSuniti kumar Chatterji Revisited / _cforeword by Dilip Kumar Ghose |
||
| 260 |
_aKolkata _bKolkata Society for Asian Studies _c2015 |
||
| 270 |
_aAnima Biswas Gangchill 'Matir Bari' Onkar Park, Ghola Bazar _bKolkata _e700111 |
||
| 300 |
_a93p. _c18cm(Hb) |
||
| 700 | _aGhose, Dilip Kumar | ||
| 942 |
_2ddc _cEN _h401.2 _mGHO |
||